00768 2200289 4500001002100000005001500021035002000036245008800056100002000144250000600164300003500170700002000205260003200225082001000257084001600267020002300283650001900306990001700325990001700342990001700359990001700376990001700393990001700410990001700427990001700444990001700461INLIS00000000000066620190125111720 a0010-01190001221 aMengenal TumbuhTumbuhan Berkhasiat Obat /cBung Adriansyah; Editor, Hj. Haryanti Ms0 aBung Adriansyah a- aiv, 44 hlm. :bilus. ;c21 cm.0 aHj. Haryanti Ms aJakarta :bCV Amalia,c2008 a635.7 a635.7 BUN m a978-979-8844-62-61 aTanaman Herbal a02503/H/2018 a02504/H/2018 a02505/H/2018 a02503/H/2018 a02504/H/2018 a02505/H/2018 a02505/H/2018 a02503/H/2018 a02504/H/2018